| 000 | 00000nam##2200000za#4500 |
| 001 | 9.640155 |
| 003 | CaOODSP |
| 005 | 20210624222531 |
| 007 | cr ||||||||||| |
| 008 | 150407|2008||||xxc|||||o f|0| 0 fre|d |
| 040 | |aCaOODSP|bfre |
| 043 | |an-cn--- |
| 086 | 1 |aET4-10/2008F-PDF |
| 110 | 1 |aCanada. |bCommissariat aux conflits d'intérêts et à l'éthique. |
| 245 | 10|aL'étude Sousa en vertu de la Loi sur les conflits d'intérêts / |h[ressource électronique]|cMary Dawson, Commissaire aux conflits d'intérêts et à l'éthique. |
| 260 | |aOttawa - Ontario : |bCommissariat aux conflits d'intérêts et à l'éthique |cJuin 2008. |
| 300 | |a23p. |
| 590 | |a12-12-Supp|b2012-03-28 |
| 775 | 08|tThe Soudas examination made under the authority of the Conflict of Interest Act / |w(CaOODSP)9.696038 |
| 856 | 40|ahttp://publications.gc.ca|qPDF|s279 Ko|uhttps://publications.gc.ca/collections/collection_2012/ccie-ciec/ET4-10-2008-fra.pdf |
| 986 | |a062008-02F |